Detalles MARC
| 000 -CABECERA |
| campo de control de longitud fija |
01574nam a2200313 i 4500 |
| 003 - IDENTIFICADOR DEL NÚMERO DE CONTROL |
| campo de control |
DO-SdBNP |
| 005 - FECHA Y HORA DE LA ÚLTIMA TRANSACCIÓN |
| campo de control |
20251009121539.0 |
| 007 - CAMPO FIJO DE DESCRIPCIÓN FÍSICA--INFORMACIÓN GENERAL |
| campo de control de longitud fija |
ta |
| 008 - DATOS DE LONGITUD FIJA--INFORMACIÓN GENERAL |
| campo de control de longitud fija |
250625b2021 dr ||||| |||| 00| 0 spa d |
| 020 ## - NÚMERO INTERNACIONAL ESTÁNDAR DEL LIBRO |
| Número Internacional Estándar del Libro |
9780578951393 |
| 040 ## - FUENTE DE LA CATALOGACIÓN |
| Centro catalogador/agencia de origen |
DO-SdBNP |
| Lengua de catalogación |
spa |
| Centro/agencia transcriptor |
BNPHU |
| Normas de descripción |
rda |
| 041 ## - CÓDIGO DE LENGUA |
| Código de lengua del texto/banda sonora o título independiente |
spa |
| 082 #4 - NÚMERO DE LA CLASIFICACIÓN DECIMAL DEWEY |
| Número de clasificación |
972.9303 |
| Número de documento/Ítem |
M828d |
| Número de edición |
22 |
| 100 1# - ENTRADA PRINCIPAL--NOMBRE DE PERSONA |
| Nombre de persona |
Morales Pérez, María Waleska |
| Término indicativo de función/relación |
autor |
| Código de función/relación |
aut. |
| 9 (RLIN) |
88190 |
| 245 1# - MENCIÓN DE TÍTULO |
| Título |
10 minutos de Gloria - Crónica de la Batalla de Palo Hincado / |
| Mención de responsabilidad, etc. |
María Waleska Morales Pérez |
| 246 ## - FORMA VARIANTE DE TÍTULO |
| Título propio/Titulo breve |
Diez minutos de Gloria - Crónica de la Batalla de Palo Hincado |
| 250 ## - MENCIÓN DE EDICIÓN |
| Mención de edición |
Primera edición |
| 264 #4 - PRODUCCIÓN, PUBLICACIÓN, DISTRIBUCIÓN, FABRICACIÓN Y COPYRIGHT |
| Producción, publicación, distribución, fabricación y copyright |
[Lugar de publicación no identificado] |
| Nombre del de productor, editor, distribuidor, fabricante |
Editora Amigo del Hogar |
| Fecha de producción, publicación, distribución, fabricación o copyright |
©2021. |
| 300 ## - DESCRIPCIÓN FÍSICA |
| Extensión |
162 páginas ; |
| Dimensiones |
22 cm. |
| 336 ## - TIPO DE CONTENIDO |
| Término de tipo de contenido |
texto |
| Código de tipo de contenido |
txt |
| Fuente |
rdacontent |
| 337 ## - TIPO DE MEDIO |
| Nombre/término del tipo de medio |
sin mediación |
| Código del tipo de medio |
n |
| Fuente |
rdamedia |
| 338 ## - TIPO DE SOPORTE |
| Nombre/término del tipo de soporte |
volumen |
| Código del tipo de soporte |
nc |
| Fuente |
rdacarrier |
| 505 ## - NOTA DE CONTENIDO CON FORMATO |
| Nota de contenido con formato |
Preámbulo -- Capítulo1 Exilio general -- Capítulo 2 Peripecias en alta mar -- Capítulo 3 Angustia ante enfermedad -- Capítulo 4 Mudanza de los Sánchez Ramírez -- Capítulo 5 Visita al gobernador -- Capítulo 6 El clero y su faena -- Capítulo 7 Liberación del general -- Capítulo 8 Nostalgia de Navidad -- Capítulo 9 Atacado por la viruela -- Capítulo 10 Regreso del general -- Capítulo 11 Reconquista triunfal. |
| 590 ## - NOTA LOCAL (RLIN) |
| Nota local |
Inventariado, 2025 /LP |
| 650 #4 - PUNTO DE ACCESO ADICIONAL DE MATERIA--TÉRMINO DE MATERIA |
| Término de materia o nombre geográfico como elemento de entrada |
Batalla de Palo Hincado |
| Subdivisión cronológica |
1808–1821 |
| 9 (RLIN) |
88676 |
| Subdivisión geográfica |
República Dominicana |
| 651 #4 - PUNTO DE ACCESO ADICIONAL DE MATERIA--NOMBRE GEOGRÁFICO |
| Nombre geográfico |
República Dominicana |
| 9 (RLIN) |
78065 |
| Subdivisión general |
Historia |
| -- |
Independencia |
| Subdivisión cronológica |
1808–1821 |
| 910 ## - DATOS DE OPCIÓN DEL USUARIO (OCLC) |
| Datos de opción del usuario |
LP. Validado. Control de calidad/MAA |
| 942 ## - ELEMENTOS DE PUNTO DE ACCESO ADICIONAL (KOHA) |
| Fuente del sistema de clasificación o colocación |
Dewey Decimal Classification |
| Tipo de ítem Koha |
Libro |